书目信息 |
| 题名: |
土地信息系统
|
|
| 作者: | 胡月明 主编 | |
| 分册: | ||
| 出版信息: | 广州 华南理工大学出版社 2001.03 |
|
| 页数: | 368页 | |
| 开本: | 26cm | |
| 丛书名: | ||
| 单 册: | ||
| 中图分类: | F301.2-43 | |
| 科图分类: | ||
| 主题词: | 农业经济学 | |
| 电子资源: | ||
| ISBN: | 7-5623-1698-8 | |
| 000 | 00556nam0 2200193 45 | |
| 001 | 8055323433 | |
| 005 | 1980010415220298 | |
| 010 | @a7-5623-1698-8@dRMB 36.80 | |
| 100 | @a19800104d2001 km y0chiy0120 ea | |
| 101 | 0 | @achi |
| 102 | @aCN@b440000 | |
| 200 | 1 | @a土地信息系统@ATu Di Xin Xi Xi Tong@f胡月明主编@Fhu yue ming zhu bian |
| 210 | @a广州@c华南理工大学出版社@d2001.03 | |
| 215 | @a368页@d26cm | |
| 606 | 0 | @a农业经济学 |
| 690 | @aF301.2-43@v3 | |
| 701 | 0 | @a胡月明@Ahu yue ming@4主编 |
| 801 | 0 | @aCN@bPFT@c19800104 |
| 905 | @a安徽大学@dF301.2-43@eH524 | |
| 土地信息系统/胡月明主编.-广州:华南理工大学出版社,2001.03 |
| 368页;26cm |
| ISBN 7-5623-1698-8:RMB 36.80 |
| ● |
| 相关链接 |
|
|
|
正题名:土地信息系统
索取号:F301.2-43/H524
 
预约/预借
| 序号 | 登录号 | 条形码 | 馆藏地/架位号 | 状态 | 备注 |
| 1 | 364849 | 203648491 | 社科库409/409社科库 32排4列4层/ [索取号:F301.2-43/H524] | 在馆 | |
| 2 | 364850 | 203648507 | 社科库409/409社科库 32排4列4层/ [索取号:F301.2-43/H524] | 在馆 | |
| 3 | 364851 | 203648516 | 社科库409/409社科库 32排4列4层/ [索取号:F301.2-43/H524] | 在馆 |